000 00550nam a22001817a 4500
005 20251108175628.0
008 250721s2007 xx 000 0 ara d
082 1 4 _a811.2009/طلي
100 1 _aطليمات، غازي
245 1 0 _aالشعر في عصر النبوة والخلافة الراشدة /
264 1 _aدمشق :
_bدار الفكر،
_c2007.
300 _a654ص.
650 1 7 _aالشعر العربي
650 1 7 _aعصر صدر الاسلام
700 1 _aالأشقر، عرفان
942 _2ddc
_cBK
999 _c138659
_d138659